| 000 | 00585nam a2200205Ia 4500 | ||
|---|---|---|---|
| 005 | 20250326145211.0 | ||
| 008 | 250326s9999 xx 000 0 und d | ||
| 037 | _aTextbook | ||
| 040 |
_aFMSL _beng _cFMSL |
||
| 041 |
_aeng _2eng |
||
| 084 |
_aB2893 P3;1 _qFMSL |
||
| 100 |
_aWinston W L _9741574 |
||
| 245 | 0 |
_aOperations research: applications and algorithms _cWinston W L |
|
| 250 | _a4 | ||
| 260 |
_aUnited Kingdom _bUnited Kingdom, Cengage Learning _c2003 |
||
| 365 | _b1398 | ||
| 650 | _aManagement | ||
| 942 |
_cTB _hB2893 P3;1 |
||
| 999 |
_c1306729 _d1306729 |
||